The Philippines, a journey through the archipelago (Record no. 283912)
[ view plain ]
| 000 -LEADER | |
|---|---|
| fixed length control field | 01023nam a22002657a 4500 |
| 001 - CONTROL NUMBER | |
| control field | 723709 |
| 003 - CONTROL NUMBER IDENTIFIER | |
| control field | PILC |
| 005 - DATE AND TIME OF LATEST TRANSACTION | |
| control field | 20150923153004.0 |
| 008 - FIXED-LENGTH DATA ELEMENTS--GENERAL INFORMATION | |
| fixed length control field | 150508b xxu||||| |||| 00| 0 eng d |
| 010 ## - LIBRARY OF CONGRESS CONTROL NUMBER | |
| LC control number | 97944008 |
| 020 ## - INTERNATIONAL STANDARD BOOK NUMBER | |
| International Standard Book Number | 9813018992 |
| 040 ## - CATALOGING SOURCE | |
| Original cataloging agency | DLC |
| Transcribing agency | DLC |
| 042 ## - AUTHENTICATION CODE | |
| Authentication code | lcode |
| 050 00 - LIBRARY OF CONGRESS CALL NUMBER | |
| Classification number | DS 655. B561 1996 |
| 245 04 - TITLE STATEMENT | |
| Title | The Philippines, a journey through the archipelago |
| 246 30 - VARYING FORM OF TITLE | |
| Title proper/short title | Journey through the archipelago |
| 260 ## - PUBLICATION, DISTRIBUTION, ETC. (IMPRINT) | |
| Place of publication, distribution, etc | Singapore : |
| Name of publisher, distributor, etc | Archipelago Press, |
| Date of publication, distribution, etc | c1996 |
| Date of manufacture | (1997 printing) |
| 300 ## - PHYSICAL DESCRIPTION | |
| Extent | 255 p. : |
| Other physical details | ill. (some col.), col. map ; |
| Dimensions | 37 cm. |
| 504 ## - BIBLIOGRAPHY, ETC. NOTE | |
| Bibliography, etc | Includes bibliographical references (p. 250) and index. |
| 505 0# - FORMATTED CONTENTS NOTE | |
| Formatted contents note | Early images / Jonathan Best -- History tells the story / James Hamilton-Paterson -- Beauty & bounty -- Soul & history -- Life's work -- The art of joy -- Fiesta islands / Rodrigo D. Perez III. |
| 700 1# - ADDED ENTRY--PERSONAL NAME | |
| Personal name | Best, Jonathan. |
| 906 ## - LOCAL DATA ELEMENT F, LDF (RLIN) | |
| a | 7 |
| b | cbc |
| c | origode |
| d | 4 |
| e | ncip |
| f | 19 |
| g | y-gencatlg |
| 942 ## - ADDED ENTRY ELEMENTS (KOHA) | |
| Source of classification or shelving scheme | Library of Congress Classification |
| Koha item type | Books |
| Classification part | DS 655. B561 1996 |
| Withdrawn status | Lost status | Source of classification or shelving scheme | Damaged status | Home library | Current library | Shelving location | Date acquired | Source of acquisition | Sub Shelving location | Total Checkouts | Full call number | Barcode | Date last seen | Price effective from | Koha item type |
|---|---|---|---|---|---|---|---|---|---|---|---|---|---|---|---|
| Library of Congress Classification | Luxembourg Library | Luxembourg Library | Filipiniana Section | 05/08/2015 | Donation | DS 655. B561 1996 | 2304 | 08/19/2016 | 05/08/2015 | Books |